00526nam a2200145 a 450000100100000000500170001000800410002702000180006804000250008608200150011124500560012626000570018230000270023950001140026600004235620201002040112.0131127s2013 xxua r 000 0 spa d a9781578377765 aDO-SdBNPbspacBNPHU axxxxbxxxx00aBiología en contexto III :bmanual de referencia. aTexas, Estados Unidos :bCord Communications,c2013. a94 p. :bil. ;c28 cm. aDesarrollado por CORD, adaptado para el "Proyecto Educación Media Técnica - REACT" República Dominicana